000 00691nam a22002177a 4500
003 OSt
005 20250807090524.0
008 240520b |||||||| |||| 00| 0 eng d
020 _a9786210450491
040 _aDWC-Main Lib.
_cOC
082 _aFil. 331.88 D877l 2024
100 _aDuka, Carolina R.
245 _aLabor relations and negotiations /
_cCarolina R. Duka
250 _aFirst edition.
260 _aManila, Philippines :
_bRex Bookstore,
_cc2024.
300 _axi, 123 pages :
_billustrations ;
_c26cm.
504 _aIncludes bibliographical references and index.
650 _a1. Labor unions.
650 _a2. Labor relations.
942 _2ddc
_cBK - FIL
_kFil.
_n0
_eFirst edition
999 _c36
_d36